The Holy Spirit is a Divine Person / (Record no. 4959)

MARC details
000 -LEADER
fixed length control field 00471nam a22001817a 4500
003 - CONTROL NUMBER IDENTIFIER
control field GBCCL
005 - DATE AND TIME OF LATEST TRANSACTION
control field 20241126110530.0
008 - FIXED-LENGTH DATA ELEMENTS--GENERAL INFORMATION
fixed length control field 180215b ||||| |||| 00| 0 eng d
040 ## - CATALOGING SOURCE
Transcribing agency gbc
082 ## - DEWEY DECIMAL CLASSIFICATION NUMBER
Classification number 231.3
Item number HEI
100 ## - MAIN ENTRY--PERSONAL NAME
Personal name Heijkoop, H. L.
9 (RLIN) 8982
245 ## - TITLE STATEMENT
Title The Holy Spirit is a Divine Person /
Statement of responsibility, etc. H. L. Heijkoop
250 ## - EDITION STATEMENT
Edition statement 10th Ed.
260 ## - PUBLICATION, DISTRIBUTION, ETC.
Place of publication, distribution, etc. Nigeria:
Name of publisher, distributor, etc. Word of Truth,
Date of publication, distribution, etc. 1987
300 ## - PHYSICAL DESCRIPTION
Extent 128 p.;
Dimensions 20 cm.
650 ## - SUBJECT ADDED ENTRY--TOPICAL TERM
Topical term or geographic name entry element Holy Spirit
9 (RLIN) 225
942 ## - ADDED ENTRY ELEMENTS (KOHA)
Source of classification or shelving scheme Dewey Decimal Classification
Koha item type Books
Koha issues (borrowed), all copies 8
Holdings
Withdrawn status Lost status Source of classification or shelving scheme Damaged status Not for loan Home library Current Library Shelving location Date acquired Total checkouts Total renewals Full call number Barcode Date last seen Date last checked out Copy number Price effective from Koha item type
    Dewey Decimal Classification     GRACE BIBLE COLLEGE GRACE BIBLE COLLEGE Theology 2018-02-15 8 1 231.3 HEI 004577 2025-05-01 2022-09-19 c.1 2018-02-15 Books
© Grace Bible College Library 2025